| 000 | 00000nam##2200000za#4500 |
| 001 | 9.663754 |
| 003 | CaOODSP |
| 005 | 20200401053833 |
| 007 | co ||||||||||| |
| 008 | 150407|2002||||xxc |q d f### # fre|d |
| 020 | |a0-662-66581-3 |
| 040 | |aCaOODSP|bfre |
| 041 | |aeng |
| 041 | |afre |
| 043 | |an-cn--- |
| 086 | 1 |aH39-597/2002-MRC |
| 110 | 1 |aCanada.|bSanté Canada. |bDirection générale de la santé de la population et de la santé publique. |
| 245 | 10|aPour protéger la santé et assurer la sécurité des Canadiens: le Centre de mesures et d'interventions d'urgence |h[ressource électronique] |
| 260 | |aOttawa - Ontario : |bSanté Canada. |c2002. |
| 300 | |a1 disque. |
| 776 | 0#|tProtecting the health and safety of Canadians: the Centre for Emergency Preparedness and Response |w(CaOODSP)9.663339 |
| 776 | 0#|tProtecting the health and safety of Canadians : |w(CaOODSP)9.695877 |
| 776 | 0#|tPour protéger la santé et assurer la sécurité des Canadiens : |w(CaOODSP)9.640000 |
| 791 | |tProtecting the health and safety of Canadians: the Centre for Emergency Preparedness and Response |eeng|w(CaOODSP)9.663753 |